000 00932nam a2200337 a 4500
999 _c11353
_d11353
001 11353
003 BD-JhCC
005 20221128134022.0
008 190901s2013 enk 000 f eng|d
015 _aGBB305630
_2bnb
020 _a9780593072493 (hbk.) :
_c£20.00
020 _a9780552172127
035 _a(BD-JhCC)11353
038 _aUk
040 _aStDuBDS
_beng
_erda
_cStDuBDS
_dUkOxU
_dBD-JhCC
049 _lb
_m-
082 0 4 _a813.6
_223
_bBRO 2013
090 _aBNB
100 1 _aBrown, Dan,
_d1964-
_eauthor.
245 1 0 _aInferno /
_cby Dan Brown.
263 _a201305
264 1 _aLondon :
_bCorgi Books,
_c2013.
300 _a619 p. :
_c24 cm
336 _atext
_2rdacontent
337 _aunmediated
_2rdamedia
338 _avolume
_2rdacarrier
600 1 0 _aLangdon, Robert
_c(Fictitious character)
_vFiction.
650 0 _aCryptographers
_vFiction.
655 0 _aThrillers (Fiction)
942 _2ddc
_cBK
_022